000 00681nam a2200253Ia 4500
001 45554
005 20240114003716.0
007 ta
008 090317s1973 a g b000 u 465 u
020 _cHB
040 _aCotton College,Assam
041 _a465
082 _a537
_bAn 23 El
100 _aAnderson, L.W .
245 0 _aElectric Circuits and Modern Electronics /
_cL.W.Anderson,W.W,Beeman.
_hTextual Documents
250 _aIst ed /
260 _aNew York :
_bHolt,Rinehart And Winston , Inc ,
_c1973.
300 _a538p :
_bill ;
_c23cm .
653 _aPhysics
700 _aBeeman, W.W .
942 _2ddc
_cBK
999 _c45519
_d45519